| 000 | 00740nam a2200253 a 4500 | ||
|---|---|---|---|
| 001 | 57804 | ||
| 003 | BD-RjUL | ||
| 005 | 20211209080544.0 | ||
| 008 | 161212s1964 nyua b 001 0 eng | ||
| 035 | _a(BD-RjUL )57928 | ||
| 040 |
_aBD-RjUL _beng _cBD-RjUL |
||
| 041 | _aeng | ||
| 082 |
_223 _a301 _bSOC 1964 |
||
| 099 | _aHM51.M35 1974 | ||
| 245 | 1 | 0 |
_aSociological theory : _ba book of readings / _cLewis A Coser; Bernard Rosenberg |
| 260 |
_aNew York : _bPraeger Publishers, _c1964 |
||
| 300 |
_a189 p. : _billus. ; _c23 cm. |
||
| 504 | _aBibliography: p. [173]-184. | ||
| 650 | 0 |
_aSociology. _9170250 |
|
| 700 |
_aCoser , Lewis A _9171655 |
||
| 700 |
_a Rosenberg, Bernard _9171656 |
||
| 942 |
_2ddc _cBK |
||
| 999 |
_c57804 _d57804 |
||